[Event "Auckland Wade Masters"]
[Site "Auckland"]
[Date "2023.01.15"]
[Round "3"]
[White "Vanheirzeele, Daniel"]
[Black "Xie, Felix"]
[Result "0-1"]
[WhiteElo "2056"]
[BlackElo "2103"]
[PlyCount "52"]
[EventDate "2023.01.14"]
[EventType "tourn"]
[EventRounds "9"]
[EventCountry "NZL"]
[SourceTitle "CBM 212 Extra"]
[Source "ChessBase"]
[SourceDate "2023.03.31"]
[SourceVersion "1"]
[SourceVersionDate "2023.03.31"]
[SourceQuality "1"]

1. d4 d5 2. Nf3 Nf6 3. g3 c6 4. c4 dxc4 5. Bg2 g6 6. 0-0 Bg7 7. a4 0-0 8. Na3 Na6 9. Nxc4 Be6 10. Nfe5 Ne8 11. b3 Nd6 12. Bb2 Qc7 13. Rc1 Rad8 14. Qc2 Nxc4 15. bxc4 c5 16. e3 Bf5 17. Qb3 cxd4 18. exd4 Bxe5 19. dxe5 Nc5 20. Qe3 Nd3 21. Rc2 Nxb2 22. Rxb2 b6 23. Rc1 Rd3 24. Qe2 Rfd8 25. g4 Be6 26. Bd5 R3xd5 0-1

[Event "NZL-ch op-A 130th"]
[Site "Wellington"]
[Date "2023.01.05"]
[Round "4"]
[White "Vanheirzeele, Daniel"]
[Black "Zhang, Kendrick Botong"]
[Result "1-0"]
[WhiteElo "2056"]
[BlackElo "2071"]
[PlyCount "47"]
[EventDate "2023.01.02"]
[EventType "swiss"]
[EventRounds "9"]
[EventCountry "NZL"]
[SourceTitle "EXT 2024"]
[Source "ChessBase"]
[SourceDate "2023.10.10"]
[SourceVersion "1"]
[SourceVersionDate "2023.10.10"]
[SourceQuality "1"]

1. d4 Nf6 2. Nf3 g6 3. c4 Bg7 4. Nc3 d5 5. Qb3 dxc4 6. Qxc4 0-0 7. e4 a6 8. e5 b5 9. Qb3 Nfd7 10. e6 fxe6 11. Be3 Nf6 12. 0-0-0 Nd5 13. h4 Nxe3 14. fxe3 Bh6 15. Kb1 Qd6 16. h5 g5 17. Bd3 Nc6 18. Qc2 Rf7 19. Bxh7+ Rxh7 20. Qg6+ Kh8 21. Qe8+ Kg7 22. Ne5 Nd8 23. Rhf1 Bb7 24. Qf8# 1-0

[Event "NZL-ch op-A 130th"]
[Site "Wellington"]
[Date "2023.01.04"]
[Round "3"]
[White "Tanoi, Edward T"]
[Black "Vanheirzeele, Daniel"]
[Result "1/2-1/2"]
[WhiteElo "1993"]
[BlackElo "2056"]
[PlyCount "54"]
[EventDate "2023.01.02"]
[EventType "swiss"]
[EventRounds "9"]
[EventCountry "NZL"]
[SourceTitle "EXT 2024"]
[Source "ChessBase"]
[SourceDate "2023.10.10"]
[SourceVersion "1"]
[SourceVersionDate "2023.10.10"]
[SourceQuality "1"]

1. e4 c5 2. Nf3 d6 3. d4 cxd4 4. Nxd4 Nf6 5. Nc3 g6 6. Be3 Bg7 7. f3 Nc6 8. Qd2 0-0 9. 0-0-0 d5 10. exd5 Nxd5 11. Nxc6 bxc6 12. Nxd5 cxd5 13. Qxd5 Qc7 14. Qc5 Qb8 15. Bd4 Qf4+ 16. Be3 Qb8 17. Bd4 Qf4+ 18. Be3 Qb8 19. b3 Be6 20. Qb5 Qc7 21. Bd3 Qc3 22. Qc5 Qb2+ 23. Kd2 Qxa2 24. Qb4 Rab8 25. Qa4 Qb2 26. Rb1 Qc3+ 27. Ke2 Rfd8 1/2-1/2

[Event "BEL-chT 2223"]
[Site "Belgium"]
[Date "2022.10.16"]
[Round "2.6"]
[White "Heldenbergh, Nils"]
[Black "Vanheirzeele, Daniel"]
[Result "1-0"]
[WhiteElo "2097"]
[BlackElo "2086"]
[PlyCount "55"]
[EventDate "2022.09.25"]
[EventType "team-tourn"]
[EventRounds "11"]
[EventCountry "BEL"]
[SourceTitle "EXT 2024"]
[Source "ChessBase"]
[SourceDate "2023.10.10"]
[SourceVersion "1"]
[SourceVersionDate "2023.10.10"]
[SourceQuality "1"]
[WhiteTeam "Liege Crelel"]
[BlackTeam "KGSRL"]
[WhiteTeamCountry "BEL"]
[BlackTeamCountry "BEL"]

1. e4 c5 2. Nf3 d6 3. d4 cxd4 4. Nxd4 Nf6 5. Nc3 g6 6. Be3 Bg7 7. f3 Nc6 8. Qd2 0-0 9. Bc4 Nxd4 10. Bxd4 Be6 11. Bb3 Qa5 12. 0-0-0 b5 13. Kb1 b4 14. Nd5 Bxd5 15. exd5 Qb5 16. Rhe1 a5 17. Qe2 Qxe2 18. Rxe2 a4 19. Bc4 Rfc8 20. b3 Rc7 21. Rde1 Kf8 22. g4 Rac8 23. g5 Nh5 24. Bb6 Rxc4 25. bxc4 Rxc4 26. Rxe7 Bc3 27. Re8+ Kg7 28. R1e4 1-0

[Event "BEL-chT 1920"]
[Site "Belgium"]
[Date "2020.02.02"]
[Round "7.8"]
[White "Vanheirzeele, Daniel"]
[Black "Ahn, Martin"]
[Result "1/2-1/2"]
[WhiteElo "2105"]
[BlackElo "2179"]
[PlyCount "27"]
[EventDate "2019.09.29"]
[EventType "team-tourn"]
[EventRounds "11"]
[EventCountry "BEL"]
[SourceTitle "CBM 195 Extra"]
[Source "ChessBase"]
[SourceDate "2020.05.31"]
[SourceVersion "1"]
[SourceVersionDate "2020.05.31"]
[SourceQuality "1"]
[WhiteTeam "KGSRL"]
[BlackTeam "Eupen Rochade"]
[WhiteTeamCountry "BEL"]
[BlackTeamCountry "BEL"]

1. d4 Nf6 2. c4 g6 3. Nc3 Bg7 4. e4 d6 5. Nf3 0-0 6. Be2 Nbd7 7. 0-0 e5 8. Qc2 c6 9. d5 c5 10. g3 Kh8 11. Nh4 Ng8 12. Ng2 Nh6 13. Bd2 Nf6 14. Qc1 1/2-1/2

[Event "EU-Cup 35th"]
[Site "Ulcinj"]
[Date "2019.11.11"]
[Round "2.9"]
[White "Vanheirzeele, Daniel"]
[Black "Balacek, Tadeas"]
[Result "1/2-1/2"]
[WhiteElo "2105"]
[BlackElo "2337"]
[PlyCount "61"]
[EventDate "2019.11.10"]
[EventType "team-swiss"]
[EventRounds "7"]
[EventCountry "MNE"]
[SourceTitle "CBM 193 Extra"]
[Source "ChessBase"]
[SourceDate "2020.01.31"]
[SourceVersion "1"]
[SourceVersionDate "2020.01.31"]
[SourceQuality "1"]
[WhiteTeam "Gent"]
[BlackTeam "Lysa nad Labem Joly"]
[WhiteTeamCountry "BEL"]
[BlackTeamCountry "CZE"]

1. d4 Nf6 2. Nf3 e6 3. g3 c5 4. Bg2 cxd4 5. 0-0 d5 6. Nxd4 e5 7. Nb3 Be7 8. Bg5 Nbd7 9. c4 dxc4 10. N3d2 Nb6 11. a4 a5 12. Na3 c3 13. bxc3 0-0 14. Nb5 Nfd5 15. Bxe7 Qxe7 16. Nc4 Rd8 17. Nxb6 Nxb6 18. Qc2 Be6 19. Rab1 Nc4 20. Rfd1 g6 21. Rxd8+ Rxd8 22. Rd1 b6 23. h4 Kg7 24. Rxd8 Qxd8 25. Qe4 Qd7 26. Kh2 f5 27. Qa8 e4 28. Qb8 Qd2 29. Nd4 Bf7 30. Qc7 h6 31. h5 1/2-1/2

[Event "BEL-chT 1920"]
[Site "Belgium"]
[Date "2019.10.13"]
[Round "2.8"]
[White "Vanheirzeele, Daniel"]
[Black "Ghysels, Chris"]
[Result "1/2-1/2"]
[WhiteElo "2105"]
[BlackElo "2059"]
[PlyCount "30"]
[EventDate "2019.09.29"]
[EventType "team-tourn"]
[EventRounds "11"]
[EventCountry "BEL"]
[SourceTitle "CBM 195 Extra"]
[Source "ChessBase"]
[SourceDate "2020.05.31"]
[SourceVersion "1"]
[SourceVersionDate "2020.05.31"]
[SourceQuality "1"]
[WhiteTeam "KGSRL"]
[BlackTeam "Jean Jaures Ghent"]
[WhiteTeamCountry "BEL"]
[BlackTeamCountry "BEL"]

1. d4 c5 2. d5 g6 3. e4 Bg7 4. Nc3 d6 5. Bb5+ Bd7 6. a4 Nf6 7. Nf3 0-0 8. h3 Na6 9. 0-0 Nc7 10. Bc4 a6 11. e5 dxe5 12. Nxe5 Bf5 13. Re1 Nce8 14. Bf4 Nd6 15. Bf1 Nde4 1/2-1/2

[Event "Anogia Tal Memorial 2nd"]
[Site "Anogia"]
[Date "2019.09.12"]
[Round "2"]
[White "Vanheirzeele, Daniel"]
[Black "Sokolovsky, Yahli"]
[Result "0-1"]
[WhiteElo "2105"]
[BlackElo "2239"]
[PlyCount "160"]
[EventDate "2019.09.11"]
[EventType "tourn"]
[EventRounds "9"]
[EventCountry "GRE"]
[EventCategory "2"]
[SourceTitle "EXT 2020"]
[Source "ChessBase"]
[SourceDate "2019.10.17"]
[SourceVersion "1"]
[SourceVersionDate "2019.10.17"]
[SourceQuality "1"]

1. d4 Nf6 2. Nf3 g6 3. c4 Bg7 4. Nc3 0-0 5. e4 d6 6. Be2 e5 7. 0-0 Nc6 8. dxe5 dxe5 9. Bg5 Nd4 10. Nxd4 exd4 11. Nd5 Re8 12. Qxd4 Nxd5 13. Qxd5 Qxd5 14. cxd5 Rxe4 15. Bf3 Ra4 16. Rac1 Be5 17. Rfe1 f6 18. Rxe5 fxe5 19. a3 Bg4 20. Rxc7 Rc8 21. Rxb7 Rac4 22. h4 Bxf3 23. gxf3 R4c7 24. Rb3 Rd7 25. Rd3 Rc5 26. d6 Kf7 27. b4 Rc4 28. Be7 Ke6 29. Kf1 Rc2 30. Re3 Kd5 31. Rd3+ Kc4 32. Re3 Kd5 33. Rd3+ Ke6 34. Re3 Kf5 35. Kg2 Rb7 36. Rd3 Ke6 37. Re3 Rc4 38. Kg3 Rb5 39. Rd3 Kd7 40. Kg2 Rc1 41. Bg5 Rc6 42. Be3 Rxd6 43. Rxd6+ Kxd6 44. Bxa7 Rb7 45. Bc5+ Kc6 46. a4 Rg7 47. Be3 Kd5 48. a5 Kc4 49. Bc5 Kb5 50. Kg3 g5 51. h5 Rf7 52. Be3 Kxb4 53. a6 h6 54. a7 Rf8 55. Bb6 Ra8 56. Kg4 Kb5 57. Be3 Rf8 58. Kg3 Kc6 59. Kg4 Kd5 60. Bb6 Rf4+ 61. Kg3 Ra4 62. Be3 Ke6 63. Bb6 Kd5 64. Be3 Kc6 65. Kg2 Kb7 66. Kg3 Rc4 67. Kg2 Rh4 68. Kg3 Ka8 69. Bc5 Rxh5 70. Bd6 Kxa7 71. Bxe5 Rh1 72. Kg4 Kb7 73. f4 gxf4 74. Bxf4 Kc6 75. Bg3 Kd5 76. Kf5 Kc6 77. Kg4 Kd7 78. Kf5 Ke7 79. Kg4 Kf7 80. f4 Rg1 0-1

[Event "BEL-chT 1819"]
[Site "Belgium"]
[Date "2019.02.03"]
[Round "6.8"]
[White "Van Uytven, Eric"]
[Black "Vanheirzeele, Daniel"]
[Result "1/2-1/2"]
[WhiteElo "2039"]
[BlackElo "2158"]
[PlyCount "30"]
[EventDate "2018.09.30"]
[EventType "team-tourn"]
[EventRounds "11"]
[EventCountry "BEL"]
[SourceTitle "CBM 189 Extra"]
[Source "ChessBase"]
[SourceDate "2019.06.03"]
[SourceVersion "1"]
[SourceVersionDate "2019.06.03"]
[SourceQuality "1"]
[WhiteTeam "Boitsfort"]
[BlackTeam "KGSRL"]
[WhiteTeamCountry "BEL"]
[BlackTeamCountry "BEL"]

1. d4 Nf6 2. c4 e6 3. Nf3 b6 4. g3 Ba6 5. Nbd2 Bb4 6. Qb3 c5 7. a3 Bxd2+ 8. Bxd2 0-0 9. Bg2 d5 10. cxd5 exd5 11. 0-0 Bxe2 12. Rfe1 Bxf3 13. Qxf3 Nbd7 14. dxc5 bxc5 15. b4 Rc8 1/2-1/2

[Event "BEL-chT 1819"]
[Site "Belgium"]
[Date "2018.12.02"]
[Round "5.8"]
[White "Vanheirzeele, Daniel"]
[Black "Meessen, Rudolf"]
[Result "0-1"]
[WhiteElo "2158"]
[BlackElo "2247"]
[PlyCount "160"]
[EventDate "2018.09.30"]
[EventType "team-tourn"]
[EventRounds "11"]
[EventCountry "BEL"]
[SourceTitle "CBM 187 Extra"]
[Source "ChessBase"]
[SourceDate "2018.11.04"]
[SourceVersion "1"]
[SourceVersionDate "2018.11.04"]
[SourceQuality "1"]
[WhiteTeam "KGSRL"]
[BlackTeam "KSK Rochade"]
[WhiteTeamCountry "BEL"]
[BlackTeamCountry "BEL"]

1. d4 g6 2. c4 Bg7 3. e4 Nc6 4. Nf3 d6 5. d5 Ne5 6. Nxe5 Bxe5 7. Nc3 Nf6 8. Bd3 c6 9. h3 0-0 10. 0-0 Nd7 11. Bh6 Re8 12. Qd2 Nc5 13. Bc2 a5 14. f4 Bf6 15. Kh1 Qb6 16. Rab1 Nd7 17. e5 dxe5 18. f5 Qd4 19. Qe2 Qh4 20. Be3 Nf8 21. Kh2 e4 22. g3 Be5 23. Bf4 Bxf4 24. Rxf4 Qh6 25. Bxe4 Bd7 26. Rbf1 Rac8 27. Qg2 g5 28. R4f2 Qd6 29. Rd2 Qc5 30. Bd3 cxd5 31. Qxd5 Qxd5 32. Nxd5 Bc6 33. Re1 Bxd5 34. cxd5 Rc5 35. f6 e6 36. Be4 Rd8 37. Red1 b5 38. dxe6 Rxd2+ 39. Rxd2 fxe6 40. Rd8 Kf7 41. Kg2 b4 42. Ra8 h6 43. Kf2 Ng6 44. Ke3 Kxf6 45. Kd4 Rc1 46. Rxa5 Rd1+ 47. Ke3 Re1+ 48. Kd4 Rd1+ 49. Ke3 Ne5 50. Ke2 Rd4 51. Ke3 Rd6 52. b3 Rd1 53. Rb5 Re1+ 54. Kd4 Rd1+ 55. Ke3 Ra1 56. Rxb4 Rxa2 57. Rb8 Rb2 58. Kd4 Rd2+ 59. Ke3 Rh2 60. b4 Nc4+ 61. Kd4 Nd6 62. b5 Rd2+ 63. Ke3 Nc4+ 64. Kf3 Rb2 65. Bd3 Rb3 66. Ke2 Ne5 67. Be4 Nd7 68. Rh8 Nc5 69. Bc6 Ke5 70. Rxh6 Rxg3 71. Rh7 Nb3 72. Kf2 Rc3 73. Bf3 Nd4 74. Bg4 Rb3 75. Rb7 Kf4 76. b6 Rb2+ 77. Ke1 e5 78. Kd1 e4 79. Rd7 Ke3 80. b7 Rb1# 0-1

[Event "EU-Cup 34th"]
[Site "Porto Carras"]
[Date "2018.10.13"]
[Round "2.6"]
[White "Tesic, Dragan"]
[Black "Vanheirzeele, Daniel"]
[Result "1/2-1/2"]
[WhiteElo "2313"]
[BlackElo "2158"]
[PlyCount "61"]
[EventDate "2018.10.12"]
[EventType "team-swiss"]
[EventRounds "7"]
[EventCountry "GRE"]
[SourceTitle "CBM 187"]
[Source "ChessBase"]
[SourceDate "2018.12.11"]
[SourceVersion "1"]
[SourceVersionDate "2018.12.11"]
[SourceQuality "1"]
[WhiteTeam "Sloven Ruma"]
[BlackTeam "KGSRL"]
[WhiteTeamCountry "SRB"]
[BlackTeamCountry "BEL"]

1. d4 Nf6 2. Nf3 e6 3. c4 b6 4. g3 Ba6 5. b3 Bb4+ 6. Bd2 Be7 7. Bg2 Bb7 8. Nc3 0-0 9. Qc2 d5 10. cxd5 exd5 11. Ne5 Na6 12. 0-0 Re8 13. Rfd1 c6 14. a3 Nc7 15. b4 Ne6 16. e3 Rc8 17. Qb3 Qd6 18. Be1 Red8 19. Nd3 Qb8 20. a4 Qa8 21. a5 c5 22. bxc5 bxc5 23. dxc5 Bxc5 24. Na4 Bf8 25. Nb4 d4 26. Bxb7 Qxb7 27. f4 Rb8 28. Rab1 dxe3 29. Rxd8 Rxd8 30. Qxe3 Qd7 31. f5 1/2-1/2

[Event "WchT Seniors 50"]
[Site "Dresden"]
[Date "2018.07.07"]
[Round "1.3"]
[White "Vanheirzeele, Daniel"]
[Black "Jussupow, Artur"]
[Result "0-1"]
[WhiteElo "2156"]
[BlackElo "2580"]
[PlyCount "82"]
[EventDate "2018.07.07"]
[EventType "team-swiss"]
[EventRounds "9"]
[EventCountry "GER"]
[SourceTitle "CBM 185 Extra"]
[Source "ChessBase"]
[SourceDate "2018.07.29"]
[SourceVersion "1"]
[SourceVersionDate "2018.07.29"]
[SourceQuality "1"]
[WhiteTeam "Belgium"]
[BlackTeam "Lasker Schachstiftung"]
[WhiteTeamCountry "BEL"]
[BlackTeamCountry "GER"]

1. d4 e6 2. g3 c5 3. Nf3 cxd4 4. Nxd4 d5 5. c4 dxc4 6. Qa4+ Bd7 7. Qxc4 Na6 8. Nc3 Rc8 9. Qb3 Bc5 10. Nf3 Bc6 11. Bg2 Nf6 12. Bg5 h6 13. Bxf6 Qxf6 14. 0-0 0-0 15. Nd2 Qe7 16. Rac1 Rfd8 17. Bxc6 Rxc6 18. Nce4 Rb6 19. Qc2 Bd4 20. Nc4 Rc6 21. Qb1 Qc7 22. b3 f5 23. e3 fxe4 24. exd4 Rxd4 25. Rcd1 Rxd1 26. Rxd1 Nc5 27. Qb2 Nd3 28. Qd4 b5 29. Ne3 Qf7 30. f4 Qg6 31. Qxa7 Kh7 32. Qd7 Ra6 33. a4 bxa4 34. bxa4 Nxf4 35. Rf1 Nh3+ 36. Kh1 Ra8 37. Ng2 e3 38. Qc6 Nf2+ 39. Kg1 Nh3+ 40. Kh1 e2 41. Re1 Rf8 0-1

[Event "Hersonissos op 2nd"]
[Site "Hersonissos"]
[Date "2018.06.17"]
[Round "1"]
[White "Vanheirzeele, Daniel"]
[Black "Saklampanakis, Dimitrios"]
[Result "1-0"]
[WhiteElo "2156"]
[BlackElo "1319"]
[PlyCount "61"]
[EventDate "2018.06.17"]
[EventType "swiss"]
[EventRounds "9"]
[EventCountry "GRE"]
[SourceTitle "CBM 185 Extra"]
[Source "ChessBase"]
[SourceDate "2018.07.29"]
[SourceVersion "1"]
[SourceVersionDate "2018.07.29"]
[SourceQuality "1"]

1. d4 d5 2. c4 e6 3. Nf3 Nf6 4. g3 Nbd7 5. Bg2 b6 6. 0-0 Ba6 7. Ne5 Bd6 8. Qa4 Bb7 9. Nc3 0-0 10. Nxd7 Qxd7 11. Qxd7 Nxd7 12. cxd5 exd5 13. Nxd5 Rae8 14. Be3 Ba6 15. Bf3 c6 16. Nc3 c5 17. Rfd1 Re6 18. Bd5 Re7 19. Bg5 Ree8 20. Bc6 Bc8 21. dxc5 f6 22. Rxd6 fxg5 23. Bxd7 Bxd7 24. Rxd7 bxc5 25. Rxa7 Rb8 26. b3 Rf5 27. Rd1 Rbf8 28. Rdd7 R5f7 29. Rxf7 Rxf7 30. Ra8+ Rf8 31. Rxf8+ 1-0

[Event "Paris European Corporate 1st"]
[Site "Paris"]
[Date "2017.11.25"]
[Round "6.1"]
[White "Shcherbin, Matvei"]
[Black "Vanheirzeele, Daniel"]
[Result "1-0"]
[WhiteElo "2366"]
[BlackElo "2130"]
[PlyCount "37"]
[EventDate "2017.11.24"]
[EventType "team-swiss"]
[EventRounds "9"]
[EventCountry "FRA"]
[SourceTitle "CBM 181 Extra"]
[Source "ChessBase"]
[SourceDate "2017.12.12"]
[SourceVersion "1"]
[SourceVersionDate "2017.12.12"]
[SourceQuality "1"]
[WhiteTeam "RZD"]
[BlackTeam "Echesspedia"]
[WhiteTeamCountry "RUS"]
[BlackTeamCountry "BEL"]

1. e4 c5 2. c3 d5 3. exd5 Qxd5 4. d4 g6 5. Nf3 Nc6 6. Na3 Bg4 7. Be2 0-0-0 8. Nc2 cxd4 9. cxd4 Qa5+ 10. Bd2 Qb6 11. 0-0 Bg7 12. Bc3 Nf6 13. Ng5 Bxe2 14. Qxe2 Rhf8 15. Nxf7 Rde8 16. d5 Nb8 17. Ng5 Bh6 18. Ne6 Rg8 19. Qc4+ 1-0

[Event "Paris European Corporate 1st"]
[Site "Paris"]
[Date "2017.11.24"]
[Round "4.3"]
[White "Moingt, Jean Claude"]
[Black "Vanheirzeele, Daniel"]
[Result "1/2-1/2"]
[WhiteElo "2129"]
[BlackElo "2130"]
[PlyCount "154"]
[EventDate "2017.11.24"]
[EventType "team-swiss"]
[EventRounds "9"]
[EventCountry "FRA"]
[SourceTitle "CBM 181 Extra"]
[Source "ChessBase"]
[SourceDate "2017.12.12"]
[SourceVersion "1"]
[SourceVersionDate "2017.12.12"]
[SourceQuality "1"]
[WhiteTeam "Leonard"]
[BlackTeam "Echesspedia"]
[WhiteTeamCountry "FRA"]
[BlackTeamCountry "BEL"]

1. Nf3 c5 2. e4 d6 3. c3 Nf6 4. Be2 Bd7 5. d3 g6 6. 0-0 Bg7 7. Re1 0-0 8. Bf1 Nc6 9. Na3 a6 10. Nc2 Bg4 11. h3 Bxf3 12. Qxf3 Nd7 13. Be3 b5 14. d4 cxd4 15. cxd4 Nb6 16. b3 Rc8 17. Rac1 d5 18. a4 dxe4 19. Qxe4 Na7 20. axb5 Nxb5 21. Bxb5 axb5 22. Nb4 e6 23. Rc5 Qd7 24. Rec1 Rfe8 25. Nd3 Nd5 26. Ne5 Bxe5 27. dxe5 Rxc5 28. Rxc5 Ra8 29. Bh6 Rc8 30. Qc2 Rd8 31. Bg5 Ra8 32. Kh2 Kg7 33. Qd2 Qa7 34. Bh6+ Kg8 35. Qc1 Qd7 36. Qg5 Qd8 37. Qxd8+ Rxd8 38. Rxb5 Nc3 39. Rb7 Ne4 40. Be3 h5 41. b4 Nc3 42. b5 Nd5 43. Bc5 Rc8 44. Bd6 Rc2 45. Kg3 Rb2 46. Bc5 Rc2 47. Bd6 Rb2 48. Kf3 g5 49. g3 Kg7 50. Bc5 Rc2 51. Be3 Rb2 52. Bxg5 Kg6 53. Be3 Rb3 54. b6 Nxe3 55. fxe3 Rb4 56. Rb8 Kf5 57. Rf8 Kg6 58. Rg8+ Kh7 59. Rb8 Kg6 60. g4 hxg4+ 61. hxg4 Kg7 62. b7 Kh7 63. Ke2 Rb3 64. Kd2 Rb5 65. Kc3 Kg7 66. Kc4 Rb1 67. Kc5 Rc1+ 68. Kd6 Rd1+ 69. Kc5 Rc1+ 70. Kd4 Rd1+ 71. Ke4 Rb1 72. Kf4 Rb4+ 73. Kf3 Kh7 74. Ke2 Kg7 75. Kd2 Rb1 76. Kc2 Rb6 77. Kc3 Rb1 1/2-1/2

[Event "BEL-chT 1718"]
[Site "Belgium"]
[Date "2017.11.19"]
[Round "4.8"]
[White "Vanheirzeele, Daniel"]
[Black "Huesmann, Thomas"]
[Result "1-0"]
[WhiteElo "2115"]
[BlackElo "2243"]
[PlyCount "89"]
[EventDate "2017.09.24"]
[EventType "team-tourn"]
[EventRounds "11"]
[EventCountry "BEL"]
[SourceTitle "EXT 2019"]
[Source "ChessBase"]
[SourceDate "2018.10.10"]
[SourceVersion "1"]
[SourceVersionDate "2018.10.10"]
[SourceQuality "1"]
[WhiteTeam "KGSRL"]
[BlackTeam "KSK Rochade"]
[WhiteTeamCountry "BEL"]
[BlackTeamCountry "BEL"]

1. d4 f5 2. g3 Nf6 3. Bg2 g6 4. c3 Bg7 5. Nd2 d6 6. Nh3 c6 7. 0-0 0-0 8. Qb3+ Kh8 9. Ng5 d5 10. h4 e6 11. Ndf3 Qe7 12. c4 Nbd7 13. Bf4 Nh5 14. Bd2 Nb6 15. Bb4 Qe8 16. Bxf8 Bxf8 17. c5 Nd7 18. Qe3 Ng7 19. Ne5 Nxe5 20. Qxe5 Be7 21. b4 h6 22. Nf3 Kh7 23. a4 Qd8 24. Rab1 Bf6 25. Qe3 Qc7 26. Ne5 Bxe5 27. Qxe5 Qxe5 28. dxe5 Bd7 29. f4 g5 30. hxg5 hxg5 31. Kf2 g4 32. Rh1+ Kg8 33. Rh6 Be8 34. e3 b6 35. cxb6 axb6 36. Ra1 c5 37. bxc5 bxc5 38. a5 Ra6 39. Rhh1 Bd7 40. Rhb1 Kf7 41. Rb6 Ra8 42. a6 Ke7 43. a7 Ne8 44. Rb7 c4 45. Ke1 1-0

[Event "EU-ch Seniors 50 17h"]
[Site "Sabadell"]
[Date "2017.08.16"]
[Round "5"]
[White "Pomes Marcet, Juan"]
[Black "Vanheirzeele, Daniel"]
[Result "1/2-1/2"]
[WhiteElo "2340"]
[BlackElo "2115"]
[PlyCount "36"]
[EventDate "2017.08.12"]
[EventType "swiss"]
[EventRounds "9"]
[EventCountry "ESP"]
[SourceTitle "CBM 180 Extra"]
[Source "ChessBase"]
[SourceDate "2017.10.06"]
[SourceVersion "1"]
[SourceVersionDate "2017.10.06"]
[SourceQuality "1"]

1. d4 Nf6 2. c4 e6 3. Nc3 Bb4 4. e3 b6 5. Nge2 Ba6 6. a3 Bxc3+ 7. Nxc3 d5 8. Qf3 0-0 9. g4 c6 10. g5 Nfd7 11. e4 e5 12. cxd5 exd4 13. Bxa6 Nxa6 14. dxc6 Ne5 15. Qg3 Nc5 16. 0-0 Nxc6 17. Rd1 Qe7 18. Nb5 Qxe4 1/2-1/2

[Event "EU-ch Seniors 50 17h"]
[Site "Sabadell"]
[Date "2017.08.14"]
[Round "3"]
[White "Koskinen, Henri"]
[Black "Vanheirzeele, Daniel"]
[Result "1-0"]
[WhiteElo "2256"]
[BlackElo "2115"]
[PlyCount "57"]
[EventDate "2017.08.12"]
[EventType "swiss"]
[EventRounds "9"]
[EventCountry "ESP"]
[SourceTitle "CBM 180 Extra"]
[Source "ChessBase"]
[SourceDate "2017.10.06"]
[SourceVersion "1"]
[SourceVersionDate "2017.10.06"]
[SourceQuality "1"]

1. d4 Nf6 2. Nf3 e6 3. c4 b6 4. g3 Ba6 5. b3 Bb4+ 6. Bd2 Be7 7. Bg2 d5 8. Nc3 c6 9. cxd5 cxd5 10. 0-0 Nc6 11. a3 0-0 12. b4 Ne4 13. Qa4 Nxd2 14. Nxd2 Bb7 15. e3 a6 16. Rfc1 Rc8 17. Qb3 Qd7 18. Bf1 b5 19. Bg2 Rc7 20. Qb2 Ra8 21. Nb3 g6 22. Rc2 Bf6 23. Rac1 Ne7 24. Nc5 Qc8 25. Ne2 Bc6 26. Rc3 Nf5 27. Qc2 Be8 28. Ne4 Bd8 29. Rxc7 1-0

[Event "Heraklion Capablanca Memorial 1st"]
[Site "Heraklion"]
[Date "2017.04.22"]
[Round "7"]
[White "Anagnostopoulos, Konstantinos"]
[Black "Vanheirzeele, Daniel"]
[Result "1-0"]
[WhiteElo "2201"]
[BlackElo "2146"]
[PlyCount "47"]
[EventDate "2017.04.17"]
[EventType "tourn"]
[EventRounds "9"]
[EventCountry "GRE"]
[SourceTitle "CBM 177 Extra"]
[Source "ChessBase"]
[SourceDate "2017.04.27"]
[SourceVersion "1"]
[SourceVersionDate "2017.04.27"]
[SourceQuality "1"]

1. d4 Nf6 2. c4 e6 3. Nc3 Bb4 4. e3 b6 5. Bd3 Bb7 6. Nge2 Bxg2 7. Rg1 Be4 8. a3 Bxd3 9. Qxd3 Bf8 10. e4 d6 11. f4 e5 12. dxe5 dxe5 13. Qxd8+ Kxd8 14. fxe5 Nfd7 15. e6 fxe6 16. Nd4 Kc8 17. Nxe6 Bd6 18. Rxg7 Bxh2 19. Bf4 Bxf4 20. Nxf4 Rf8 21. Nfd5 Na6 22. b4 c6 23. Ne7+ Kc7 24. b5 1-0

[Event "Heraklion Capablanca Memorial 1st"]
[Site "Heraklion"]
[Date "2017.04.20"]
[Round "5"]
[White "Vuelban, Virgilio"]
[Black "Vanheirzeele, Daniel"]
[Result "1-0"]
[WhiteElo "2257"]
[BlackElo "2146"]
[PlyCount "59"]
[EventDate "2017.04.17"]
[EventType "tourn"]
[EventRounds "9"]
[EventCountry "GRE"]
[SourceTitle "CBM 177 Extra"]
[Source "ChessBase"]
[SourceDate "2017.04.27"]
[SourceVersion "1"]
[SourceVersionDate "2017.04.27"]
[SourceQuality "1"]

1. e4 c5 2. Nf3 d6 3. d4 cxd4 4. Qxd4 Nc6 5. Bb5 Bd7 6. Bxc6 Bxc6 7. Nc3 Nf6 8. Bg5 e6 9. 0-0-0 Be7 10. Rhe1 Qa5 11. Kb1 0-0 12. Qd2 Qa6 13. Nd4 Rac8 14. f3 b5 15. g4 Qb7 16. Nce2 Rc7 17. Ng3 Qc8 18. Bxf6 Bxf6 19. g5 Bxd4 20. Qxd4 Rd8 21. f4 Rcd7 22. Nh5 e5 23. Qg1 Kh8 24. f5 d5 25. exd5 Bxd5 26. f6 g6 27. Ng3 Qc4 28. b3 Qf4 29. Qe3 Qg4 30. Qxe5 1-0

[Event "Heraklion Capablanca Memorial 1st"]
[Site "Heraklion"]
[Date "2017.04.18"]
[Round "3"]
[White "Taylor, Adam C"]
[Black "Vanheirzeele, Daniel"]
[Result "1/2-1/2"]
[WhiteElo "2231"]
[BlackElo "2146"]
[PlyCount "80"]
[EventDate "2017.04.17"]
[EventType "tourn"]
[EventRounds "9"]
[EventCountry "GRE"]
[SourceTitle "CBM 177 Extra"]
[Source "ChessBase"]
[SourceDate "2017.04.27"]
[SourceVersion "1"]
[SourceVersionDate "2017.04.27"]
[SourceQuality "1"]

1. c4 Nf6 2. g3 e6 3. Bg2 d5 4. Nf3 dxc4 5. Qa4+ Nbd7 6. Qxc4 c5 7. Qb3 Rb8 8. a4 b6 9. 0-0 Bb7 10. d3 Bd6 11. Na3 a6 12. Bd2 0-0 13. Rfc1 Qe7 14. Nc4 Bc7 15. Qc2 Ne8 16. Qb1 Nd6 17. Bf4 f6 18. b4 e5 19. Bd2 Nxc4 20. Rxc4 Bd5 21. Rc1 Bd6 22. b5 a5 23. Bc3 Qf7 24. Nd2 Bxg2 25. Kxg2 Bc7 26. Qa2 Rfd8 27. g4 Nf8 28. Qxf7+ Kxf7 29. Kf3 Ne6 30. Ne4 Nd4+ 31. Bxd4 exd4 32. h4 Rd5 33. Rh1 h5 34. Rag1 hxg4+ 35. Rxg4 Rf5+ 36. Kg2 Rh8 37. Ng3 Bxg3 38. Kxg3 Re8 39. Re1 Rfe5 40. Kf3 Rf5+ 1/2-1/2